A spring of love /

Saved in:
Bibliographic Details
Main Author: Dale, Celia
Format: Book
Language:English
Published: London : Cassell, 1960.
LEADER 00670nam a22001937a 4500
001 c000108091
003 CARM
005 19990215000000.0
008 990215s1960 enk 000 1 eng d
019 1 |a 14502570  |5 LACONCORD2021 
035 |a (OCoLC)3717778  |5 LACONCORD2021 
040 |a VLINC  |b eng  |c VLINC 
100 1 |a Dale, Celia. 
245 1 2 |a A spring of love /  |c by Celia Dale. 
260 |a London :  |b Cassell,  |c 1960. 
300 |a 217 p. 
852 8 |b CARM  |h A2:AG06B0  |i B03226  |p 0155243  |f BK 
999 f f |i 77ba067b-dc23-5a45-9960-5881d057c53d  |s c2c069d0-3a55-59ee-8ca9-5f67719c3a01 
952 f f |p Can circulate  |a CAVAL  |b CAVAL  |c CAVAL  |d CARM 1 Store  |e B03226  |f A2:AG06B0  |h Other scheme  |i book  |m 0155243